009690000a22002050004500090001400000245020000014650002800214650002500242651005800267651005200325651005300377041001400430100002000444110005100464650004100515942001300556773002900569999001500598952015000613 aARb0014210aInvestigación integral y diseño de planes de conservación de áreas protegidas, estudio de caso en las Reservas Nacionales Naturales de Puinawai, Nukak y el Parque Nacional Natural Tuparro14aPlanes de manejo99272514aAreas protegidas978 4lReserva Nacional Natural de PuinawaipColombia992749 4lReserva Nacional Natural NukakpColombia992749 4lParque Nacional Natural TuparropColombia9927490 aEspañol1 aInderena9129331 aColombia. Ministerio del Medio Ambiente99223014992977aPolítica de investigación cARTICULO1 tPreprint33q1-12d1995? c9243d9243 00102ddc40718HEMEROTECAaBogotabBogotad2015-02-27l0oAR 00142 Fuera de circulaciónp010377r2015-03-25 00:00:00t1w2015-03-25yARTICULO